00779cam 2200217u 4500001000800000005001700008008004100025035002100066906004500087010001700132040001900149050002100168100003900189245003700228260005900265300004300324650006600367700005300433991004600486099002900532873828720020514113442.0881118s1926 nyub 000 0 eng  9(DLC) 27017366 a0bcbccpremunvduencipf19gy-gencatlg a 27017366  aDLCcCarPdDLC00aPR85b.M615 19261 aMoody, William Vaughn,d1869-1910.02aA history of English literature, aNew York,aChicago [etc.]bC. Scribner's sonsc[c1926] axii, 547 p. incl. front. (map)c21 cm. 0aEnglish literaturexHistory and criticism. [from old catalog]1 aLovett, Robert Morss,d1870-1956,ejoint author. bc-GenCollhPR85i.M615 1926tCopy 1wPREM amoody-history-1072063633